Chefs du Gouvernement Marocains - Mort Subite - Statistiques

Statistiques générales
  • Ce quiz a été pris 142 fois
  • Le résultat moyen est 3 sur 13
Answers on the Grid
Answers color-coded by a green-red scale on the quiz's grid according to % correct below.
Fatmi Benslimane
Allal El Fassi
Saad Dine El Otmani
Ahmed Belafraj
Rachid Talbi Alami
Ahmed Bahnini
Omar Hilale
Mouha Ou Hammou Zayani
Abbas El Fassi
Driss Jettou
Youssef Amrani
Abdelatif Filali
Abdel-Ilah Benkiran
Mohamed Karim Lamrani
Driss Lachgar
Abderrahman Youssoufi
Ali Yata
Abdelkrim El Khatib
Aziz Akhannouch
Mehdi Ben Barka
Fouad Ali El Himma
Noureddine Bensouda
Azzeddine Laraki
Mohamed Benhima
 
Statistiques - réponses
Réponse % Correct
Aziz Akhannouch
67%
Abdel-Ilah Benkiran
37%
Saad Dine El Otmani
36%
Abbas El Fassi
26%
Driss Jettou
26%
Abderrahman Youssoufi
21%
Azzeddine Laraki
18%
Ahmed Belafraj
16%
Abdelatif Filali
14%
Mohamed Benhima
12%
Mohamed Karim Lamrani
12%
Ahmed Bahnini
7%
Fatmi Benslimane
5%
Aucun quiz correspondant
Distribution des résultats
% des personnes avec chaque résultat
Percentile par nombre de réponses
Votre historique - résultats
Vous n’avez pas pris ce quiz